[Event "IV Festival Terre degli Elimi A"]
[Site "Erice ITA"]
[Date "2013.07.27"]
[Round "5"]
[White "Rigattieri, Uber"]
[Black "Gutierrez Bolado, Juan Antonio"]
[WhiteElo "1873"]
[BlackElo "1711"]
[Result "0-1"]
[PlyCount "152"]
[EventDate "2013.07.24"]

1. e4 g6 2. f4 e5 3. d3 exf4 4. Bxf4 Bg7 5. Nc3 Nc6 6. Nf3 Nf6 7. Be2 O-O 8.
O-O d6 9. Qd2 Re8 10. Bg5 Be6 11. Rad1 Qc8 12. d4 Bg4 13. h3 Bxf3 14. Bxf3 Nd7
15. Ne2 Nf8 16. Be3 Ne7 17. g4 Nd7 18. Ng3 Nc6 19. c3 Nf6 20. Bg5 Nd7 21. b4 a5
22. b5 Nd8 23. a4 Ne6 24. Be3 Nb6 25. Qa2 Nd8 26. Bg2 Qe6 27. Qxe6 Nxe6 28. Ra1
Nc4 29. Bc1 Rab8 30. Rf2 Nb6 31. Bf1 c5 32. bxc6 bxc6 33. Rc2 Nxd4 34. Rca2 Ne6
35. Bd2 Nc5 36. Rb1 Nbxa4 37. Rxb8 Rxb8 38. c4 Be5 39. Ne2 Nxe4 40. Bxa5 Nac5
41. Bc7 Rb2 42. Rxb2 Bxb2 43. Nf4 Be5 44. Nd3 Nxd3 45. Bxd3 Nc5 46. Be2 Na6 47.
Bd8 c5 48. Kg2 Kf8 49. Kf3 Ke8 50. Bg5 f6 51. Bd2 Kd7 52. Bd3 Nb4 53. Be4 Nc6
54. Bd5 Nd4+ 55. Kf2 g5 56. Be3 Nc2 57. Bd2 Nb4 58. Be4 h6 59. Ke2 d5 60. cxd5
Kd6 61. Bxb4 cxb4 62. Kd3 b3 63. Kd2 Kc5 64. Kd3 Kb4 65. Ke3 Kc5 66. Kd3 b2 67.
Kc2 Kd4 68. Bg2 Ke3 69. d6 Bxd6 70. Kxb2 Kf2 71. Bc6 Kg3 72. Kc2 Kxh3 73. Bd7
Kh4 74. Kd2 h5 75. gxh5 Kxh5 76. Ke3 76... Kh4 {...} 0-1

[Event "IV Festival Terre degli Elimi A"]
[Site "Erice ITA"]
[Date "2013.07.27"]
[Round "5"]
[White "Rudolf, Anna"]
[Black "Aghayev, Miragha"]
[WhiteElo "2301"]
[BlackElo "2299"]
[Result "1-0"]
[PlyCount "107"]
[EventDate "2013.07.24"]

1. e4 c5 2. Nf3 d6 3. d4 cxd4 4. Nxd4 Nf6 5. Nc3 a6 6. Be2 e5 7. Nb3 Be6 8. O-O
Be7 9. Bf3 O-O 10. a4 Nbd7 11. Re1 Rc8 12. Nd2 Nb6 13. Nf1 h6 14. Ne3 Rc5 15.
Nf5 Nc4 16. Nxe7+ Qxe7 17. Nd5 Bxd5 18. exd5 Rcc8 19. b3 Nb6 20. Ba3 Nbd7 21.
a5 Nh7 22. c4 f5 23. Rc1 e4 24. Qd4 Ng5 25. Be2 f4 26. Bd3 Nc5 27. Rc3 Qd7 28.
Bf1 f3 29. Bxc5 dxc5 30. Qe3 fxg2 31. Bxg2 Nf3+ 32. Bxf3 Rxf3 33. Qd2 Qh3 34.
Rce3 Qg4+ 35. Kh1 Rcf8 36. Rxe4 Qf5 37. Re5 Rxf2 38. Rxf5 Rxd2 39. Rxf8+ Kxf8
40. Re6 h5 41. Rb6 h4 42. h3 Rd3 43. Kg2 g5 44. Rxb7 Rd2+ 45. Kf3 Rd3+ 46. Kg4
Rg3+ 47. Kf5 Rxh3 48. Kxg5 Rh1 49. Kf6 Ke8 50. Ke6 Kd8 51. Kd6 Ke8 52. Rh7 h3
53. Kxc5 h2 54. Kc6 1-0

[Event "IV Festival Terre degli Elimi A"]
[Site "Erice ITA"]
[Date "2013.07.27"]
[Round "5"]
[White "Russo, Carmelo"]
[Black "Spinelli, Dario"]
[WhiteElo "1686"]
[BlackElo "1606"]
[Result "1/2-1/2"]
[PlyCount "48"]
[EventDate "2013.07.24"]

1. d4 d5 2. c4 c6 3. Nc3 Nf6 4. cxd5 cxd5 5. Bg5 e6 6. e3 Be7 7. Nf3 Nc6 8. Bb5
Bd7 9. O-O O-O 10. Rc1 Rc8 11. a3 h6 12. Bh4 a6 13. Bxc6 Bxc6 14. Ne5 Nd7 15.
Bxe7 Qxe7 16. Nxc6 Rxc6 17. Re1 Rfc8 18. e4 dxe4 19. Rxe4 Nf6 20. Re1 Qd7 21.
h3 Nd5 22. Qd2 Nxc3 23. Rxc3 Rxc3 24. bxc3 Qd6 1/2-1/2

[Event "IV Festival Terre degli Elimi A"]
[Site "Erice ITA"]
[Date "2013.07.29"]
[Round "5"]
[White "Savalla, Gianluca"]
[Black "Iannello, Andrea"]
[WhiteElo "1653"]
[BlackElo "1837"]
[Result "1/2-1/2"]
[PlyCount "30"]
[EventDate "2013.07.24"]

1. d4 Nf6 2. Nf3 e6 3. Nbd2 c5 4. e3 b6 5. Bd3 cxd4 6. exd4 Bb7 7. c3 Be7 8.
O-O O-O 9. Re1 d6 10. h3 Nbd7 11. Bc2 Rc8 12. Qe2 Nd5 13. Qd3 N5f6 14. a3 Re8
15. Ng5 Nf8 1/2-1/2

[Event "IV Festival Terre degli Elimi A"]
[Site "Erice ITA"]
[Date "2013.07.27"]
[Round "5"]
[White "Schlee, Ulrich"]
[Black "Bous, Florian"]
[WhiteElo "1802"]
[BlackElo "2072"]
[Result "0-1"]
[PlyCount "120"]
[EventDate "2013.07.24"]

1. e4 e5 2. Nf3 Nc6 3. d4 exd4 4. Bc4 Bc5 5. c3 d6 6. O-O Nf6 7. cxd4 Bb6 8. e5
dxe5 9. d5 Na5 10. Nxe5 Nxc4 11. Nxc4 Qxd5 12. Qa4+ Bd7 13. Re1+ Kf8 14. Nxb6
Bxa4 15. Nxd5 Nxd5 16. b3 Bc6 17. Ba3+ Kg8 18. Nd2 f6 19. Nf3 Kf7 20. Rad1 Rhe8
21. Nd4 Bd7 22. Kf1 b6 23. Nf5 Bb5+ 24. Kg1 Nc3 25. Ra1 Nxa2 26. Ne7 Nc3 27. f3
Ne2+ 28. Kf2 Rxe7 29. Bxe7 Kxe7 30. Ra2 c5 31. Rexe2+ Bxe2 32. Kxe2 a5 33. Kd3
Rd8+ 34. Kc4 Rd4+ 35. Kc3 Kd7 36. g3 g5 37. Re2 a4 38. bxa4 Rxa4 39. Kb3 Rd4
40. Re3 Rd2 41. h3 Rg2 42. g4 Rg3 43. Kc4 Rg1 44. Kb5 Rb1+ 45. Kc4 Kd6 46. Re8
b5+ 47. Kc3 Rf1 48. Re3 Kd5 49. Rd3+ Kc6 50. Re3 b4+ 51. Kc4 Rc1+ 52. Kb3 Kb5
53. Re7 Rc3+ 54. Kb2 Rxf3 55. Rxh7 Kc4 56. h4 Rf2+ 57. Kc1 Kc3 58. Kd1 b3 59.
hxg5 b2 60. Rb7 fxg5 0-1

[Event "IV Festival Terre degli Elimi A"]
[Site "Erice ITA"]
[Date "2013.07.27"]
[Round "5"]
[White "Tondo, Salvatore"]
[Black "Fontana, Giulio"]
[WhiteElo "1935"]
[BlackElo "1774"]
[Result "1/2-1/2"]
[PlyCount "140"]
[EventDate "2013.07.24"]

1. e4 c5 2. Nf3 Nc6 3. Bb5 d6 4. d4 cxd4 5. Qxd4 Bd7 6. Bxc6 Bxc6 7. c4 Nf6 8.
Nc3 g6 9. O-O Bg7 10. h3 O-O 11. Be3 Nxe4 12. Qd3 Nxc3 13. bxc3 Bxf3 14. gxf3
Qd7 15. Kh2 Qe6 16. Rfe1 Qe5+ 17. f4 Qxc3 18. Qe4 Rfe8 19. Qxb7 Qxc4 20. Rac1
Qxa2 21. Rc7 Rab8 22. Qc6 a5 23. Ba7 Qb2 24. Rexe7 Rxe7 25. Rxe7 Qf6 26. Re4
Rb4 27. Re8+ Bf8 28. Be3 Rxf4 29. Bxf4 Qxf4+ 30. Kg1 Qg5+ 31. Kf1 Qc5 32. Qa8
d5 33. Rc8 Qb4 34. Qxd5 a4 35. Ra8 a3 36. Kg2 h6 37. Ra7 Qf4 38. Ra8 Qg5+ 39.
Qxg5 hxg5 40. Kf3 Kg7 41. Kg4 Be7 42. Ra7 f5+ 43. Kf3 Kf6 44. Ke2 Ke6 45. f3
Bd6 46. Kd3 Ke5 47. Ra4 Kd5 48. Ra5+ Ke6 49. Kc4 Be7 50. Kb3 Bd6 51. Ra8 Kf6
52. Re8 Kf7 53. Re2 Kg7 54. Kc4 Kh6 55. Kd5 Bf8 56. Re8 Bg7 57. Ra8 Bb2 58. Ke6
Kh5 59. Ra4 f4 60. Kf7 Kh4 61. Kxg6 Kxh3 62. Kf5 Kg3 63. Kxg5 Bc1 64. Kf5 Kxf3
65. Rc4 Be3 66. Rc3 Ke2 67. Rxa3 f3 68. Ke4 f2 69. Rxe3+ Kd2 70. Rf3 Ke1
1/2-1/2

[Event "IV Festival Terre degli Elimi A"]
[Site "Erice ITA"]
[Date "2013.07.27"]
[Round "5"]
[White "Van Den Berg, Bram"]
[Black "Corsino, Gianluca"]
[WhiteElo "2231"]
[BlackElo "2094"]
[Result "1/2-1/2"]
[PlyCount "26"]
[EventDate "2013.07.24"]

1. e4 c5 2. c3 d5 3. exd5 Qxd5 4. d4 cxd4 5. cxd4 Nc6 6. Nf3 e5 7. Nc3 Bb4 8.
Be2 exd4 9. O-O Qd8 10. Nb5 Nge7 11. Nbxd4 O-O 12. Bg5 Qb6 13. a3 Bc5 1/2-1/2

[Event "IV Festival Terre degli Elimi A"]
[Site "Erice ITA"]
[Date "2013.07.27"]
[Round "5"]
[White "Van Dongen, Cor"]
[Black "Valguarnera, Girolamo"]
[WhiteElo "2357"]
[BlackElo "2086"]
[Result "1-0"]
[PlyCount "91"]
[EventDate "2013.07.24"]

1. c4 d6 2. g3 Nf6 3. Bg2 e5 4. Nc3 Be7 5. e4 O-O 6. Nge2 c6 7. O-O Nbd7 8. d4
Qc7 9. h3 Re8 10. Be3 Bf8 11. Kh2 exd4 12. Nxd4 a5 13. b3 Nc5 14. Qc2 Bd7 15.
a3 Re5 16. Rae1 Rae8 17. f3 Qc8 18. Bf4 Rh5 19. g4 Rhe5 20. Rd1 g6 21. Rb1 Bg7
22. Rfd1 h5 23. b4 axb4 24. axb4 Na6 25. g5 Nh7 26. Qd2 Nf8 27. Bg3 Nxb4 28.
Rxb4 c5 29. Ncb5 cxb4 30. Nxd6 Qa8 31. Nxe8 Rxe8 32. Qxb4 Qa4 33. Qb3 Rc8 34.
Rd2 Rxc4 35. Qxa4 Bxa4 36. e5 Bd7 37. f4 Bc6 38. Nxc6 bxc6 39. Rd8 Kh7 40. Rc8
c5 41. Bd5 Rc2+ 42. Kg1 Ne6 43. Bxe6 fxe6 44. Bf2 Rc4 45. Be3 Re4 46. Kf2 1-0

[Event "IV Festival Terre degli Elimi A"]
[Site "Erice ITA"]
[Date "2013.07.27"]
[Round "6"]
[White "Aceto, Andrea"]
[Black "Parrinello, Marco"]
[WhiteElo "1569"]
[BlackElo "1569"]
[Result "0-1"]
[PlyCount "108"]
[EventDate "2013.07.24"]

1. d4 Nf6 2. Nf3 d5 3. Nc3 e6 4. e3 c5 5. Bb5+ Nbd7 6. O-O a6 7. Bxd7+ Bxd7 8.
b3 Bd6 9. dxc5 Bxc5 10. Bb2 O-O 11. Ne2 Rc8 12. Ne5 Bc6 13. Nxc6 Rxc6 14. Rc1
Qe7 15. Nd4 Bxd4 16. Qxd4 Rfc8 17. c3 Qc7 18. Rc2 b5 19. Rfc1 Qb6 20. Qxb6 Rxb6
21. c4 Rbc6 22. c5 b4 23. a3 a5 24. axb4 axb4 25. Ra1 Nd7 26. Ra5 Rxc5 27.
Raxc5 Rxc5 28. Rd2 Rb5 29. Bd4 h6 30. f4 Nc5 31. Bxc5 Rxc5 32. Rd4 Rb5 33. Kf1
Kf8 34. Ke2 Ke7 35. g4 Kd6 36. Kd2 Kc5 37. Kc2 Ra5 38. Kb2 Ra8 39. h4 Re8 40.
g5 e5 41. Rd2 exf4 42. exf4 Re3 43. gxh6 gxh6 44. Rc2+ Kd6 45. Rg2 Rf3 46. Rg4
Ke6 47. f5+ Kxf5 48. Rxb4 Rf4 49. Rxf4+ Kxf4 50. b4 Ke5 51. b5 Kd6 52. b6 Kc6
53. Kc3 f5 54. Kd3 Kxb6 0-1

[Event "IV Festival Terre degli Elimi A"]
[Site "Erice ITA"]
[Date "2013.07.27"]
[Round "6"]
[White "Aghayev, Miragha"]
[Black "Adrian, Claude"]
[WhiteElo "2299"]
[BlackElo "2221"]
[Result "0-1"]
[PlyCount "91"]
[EventDate "2013.07.24"]

1. e4 e6 2. Nf3 d5 3. Nc3 Nf6 4. e5 Nfd7 5. d4 c5 6. dxc5 Nc6 7. Bf4 Bxc5 8.
Bd3 f6 9. exf6 Nxf6 10. Qe2 O-O 11. O-O-O Qa5 12. Kb1 a6 13. Ne5 Ba3 14. Bc1
Bb4 15. Bd2 d4 16. Nc4 Qc7 17. Ne4 b5 18. Bxb4 bxc4 19. Bxf8 cxd3 20. Rxd3 Kxf8
21. Nxf6 gxf6 22. Qf3 Kg7 23. Qh5 Qe7 24. Re1 Bd7 25. Re4 e5 26. Rh4 Kh8 27. g4
Rg8 28. Rf3 Rg7 29. Qh6 e4 30. Rxf6 e3 31. fxe3 dxe3 32. Rf1 e2 33. Re1 Nd4 34.
Rh3 Bxg4 35. Rd3 Rg6 36. Qf4 Nc6 37. Re3 Rd6 38. Rd3 Rxd3 39. cxd3 Qb4 40. Qf6+
Kg8 41. Qg5+ Kf7 42. Qd5+ Ke7 43. Qg5+ Ke6 44. Qe3+ Kd5 45. Qf2 Qd4 46. Qg3 {
...} 0-1

[Event "IV Festival Terre degli Elimi A"]
[Site "Erice ITA"]
[Date "2013.07.27"]
[Round "6"]
[White "Bifulco, Michel"]
[Black "Pesiri, Rossano"]
[WhiteElo "2026"]
[BlackElo "1952"]
[Result "1/2-1/2"]
[PlyCount "89"]
[EventDate "2013.07.24"]

1. d4 Nf6 2. Nc3 d5 3. Bg5 e6 4. e4 dxe4 5. Nxe4 Nbd7 6. Nf3 Be7 7. Bxf6 Nxf6
8. Bd3 c6 9. O-O O-O 10. c3 Qc7 11. Re1 b6 12. Qe2 Bb7 13. Nfg5 g6 14. Qe3 Nh5
15. Qh3 Qf4 16. g3 Qf5 17. g4 Qf4 18. Re3 f5 19. Nxe6 fxg4 20. Nxf4 gxh3 21.
Nxh5 gxh5 22. Rxh3 h4 23. Re3 Rf4 24. f3 Raf8 25. Kf2 c5 26. Ke2 cxd4 27. cxd4
Rd8 28. Bc4+ Kh8 29. Rd1 Rf5 30. d5 b5 31. d6 Bf8 32. Bxb5 Rxb5 33. b3 Bxe4 34.
Rxe4 Rxd6 35. Rxd6 Bxd6 36. Rxh4 Kg7 37. Rd4 Bxh2 38. Rd7+ Kg6 39. Rxa7 h5 40.
Ra4 Kg5 41. Rc4 h4 42. b4 Bd6 43. a4 Re5+ 44. Re4 Rxe4+ 45. fxe4 1/2-1/2

[Event "IV Festival Terre degli Elimi A"]
[Site "Erice ITA"]
[Date "2013.07.27"]
[Round "6"]
[White "Bocci, Alessandro"]
[Black "Novak, Ksenija"]
[WhiteElo "1888"]
[BlackElo "2099"]
[Result "0-1"]
[PlyCount "66"]
[EventDate "2013.07.24"]

1. e4 c5 2. c3 d5 3. exd5 Qxd5 4. d4 cxd4 5. cxd4 Nc6 6. Nf3 e5 7. Nxe5 Bb4+ 8.
Nc3 Qxd4 9. Qxd4 Nxd4 10. Bd3 Be6 11. Be3 O-O-O 12. O-O-O f6 13. Bc4 fxe5 14.
Rxd4 exd4 15. Bxe6+ Kb8 16. Rd1 Bc5 17. Nb5 a6 18. Nxd4 Bxd4 19. Rxd4 Rxd4 20.
Bxd4 Nf6 21. Bxf6 gxf6 22. f4 Kc7 23. Kd2 Kd6 24. f5 Ke5 25. Ke3 Rd8 26. a4 b5
27. axb5 axb5 28. b3 b4 29. g4 Rd1 30. Kf3 Rd3+ 31. Kg2 Kf4 32. h3 Rd2+ 33. Kf1
Rh2 0-1

[Event "IV Festival Terre degli Elimi A"]
[Site "Erice ITA"]
[Date "2013.07.27"]
[Round "6"]
[White "Bous, Florian"]
[Black "Haast, Anne"]
[WhiteElo "2072"]
[BlackElo "2277"]
[Result "1-0"]
[PlyCount "151"]
[EventDate "2013.07.24"]

1. d4 Nf6 2. c4 c5 3. d5 b5 4. cxb5 a6 5. bxa6 g6 6. Nc3 Bxa6 7. g3 d6 8. Bg2
Bg7 9. Nf3 Nfd7 10. O-O Nb6 11. Re1 N8d7 12. Bg5 O-O 13. Rc1 Bc4 14. Qc2 Bxd5
15. Nxd5 Nxd5 16. a3 Rb8 17. Rb1 Re8 18. Red1 Nc7 19. Rxd6 f6 20. Rd2 fxg5 21.
Rbd1 Rxb2 22. Qc4+ e6 23. Rxd7 Qb8 24. Nxg5 h6 25. Rxg7+ Kxg7 26. Rd7+ Kg8 27.
Qc3 Rb1+ 28. Bf1 e5 29. Qc4+ Ne6 30. Nxe6 Qb3 31. Qxb3 Rxb3 32. e3 Rc3 33. Nc7
Rf8 34. Bh3 Rc1+ 35. Kg2 Rc2 36. Be6+ Kh8 37. Bf7 Rb2 38. Ne6 Rc8 39. Bxg6 Rb6
40. Bf5 c4 41. Nd8 c3 42. Nf7+ Kg8 43. Bh7+ Kxh7 44. Nd6+ Kg6 45. Nxc8 Rc6 46.
Rd1 Rxc8 47. Kf3 Kf5 48. e4+ Kg5 49. h4+ Kh5 50. Rc1 c2 51. a4 Rc3+ 52. Ke2 Kg4
53. a5 Rc4 54. Kd3 Ra4 55. Rxc2 Kf3 56. Rc5 Ra3+ 57. Kc4 Kxe4 58. Kb5 Ra2 59.
a6 Kd4 60. Kb6 Rxa6+ 61. Kxa6 Kxc5 62. Kb7 Kd6 63. Kc8 e4 64. h5 Ke6 65. Kc7
Kd5 66. Kd7 Ke5 67. Kc6 Ke6 68. Kc5 Ke5 69. Kc4 Kf5 70. Kd4 Kg5 71. Kxe4 Kxh5
72. f4 Kg6 73. Ke5 h5 74. Ke6 Kg7 75. f5 Kf8 76. Kf6 1-0

[Event "IV Festival Terre degli Elimi A"]
[Site "Erice ITA"]
[Date "2013.07.27"]
[Round "6"]
[White "Castelli, Giovanni J."]
[Black "Merendino, Elda"]
[WhiteElo "1832"]
[BlackElo "1538"]
[Result "1-0"]
[PlyCount "41"]
[EventDate "2013.07.24"]

1. Nf3 d6 2. c4 Nf6 3. d4 g6 4. Nc3 Bg7 5. e4 O-O 6. Be2 c5 7. d5 Ng4 8. O-O
Nd7 9. h3 Nge5 10. Nxe5 Nxe5 11. f4 Nd7 12. Be3 Nb6 13. Qd2 e6 14. Rae1 f5 15.
dxe6 Bxe6 16. b3 Qe7 17. exf5 Rxf5 18. Bg4 Rf7 19. Bxc5 dxc5 20. Bxe6 Rd8 21.
Bxf7+ 1-0

[Event "IV Festival Terre degli Elimi A"]
[Site "Erice ITA"]
[Date "2013.07.27"]
[Round "6"]
[White "Cazacu, Gabriela"]
[Black "Schlee, Ulrich"]
[WhiteElo "1845"]
[BlackElo "1802"]
[Result "1-0"]
[PlyCount "45"]
[EventDate "2013.07.24"]

1. d4 d5 2. c4 e5 3. dxe5 d4 4. Nf3 Nc6 5. a3 Nge7 6. e3 dxe3 7. Qxd8+ Kxd8 8.
Bxe3 Ng6 9. Nc3 Ngxe5 10. O-O-O+ Bd7 11. Nxe5 Nxe5 12. Be2 Kc8 13. f4 Ng6 14.
Rd2 Bd6 15. Rhd1 Rd8 16. g3 Be7 17. Nd5 c6 18. Nxe7+ Nxe7 19. Bc5 Nf5 20. g4 b6
21. gxf5 bxc5 22. f6 gxf6 23. Rxd7 1-0

[Event "IV Festival Terre degli Elimi A"]
[Site "Erice ITA"]
[Date "2013.07.27"]
[Round "6"]
[White "Corsino, Gianluca"]
[Black "Kampman, Tijmen"]
[WhiteElo "2094"]
[BlackElo "2094"]
[Result "1/2-1/2"]
[PlyCount "125"]
[EventDate "2013.07.24"]

1. d4 g6 2. c4 Bg7 3. Nc3 c5 4. d5 Bxc3+ 5. bxc3 f5 6. h4 Nf6 7. e3 d6 8. Be2
Nbd7 9. Nh3 Qa5 10. Bd2 Ne5 11. h5 Bd7 12. Ng5 Rg8 13. Nf3 O-O-O 14. hxg6 hxg6
15. Nxe5 dxe5 16. f3 e4 17. Kf2 e6 18. Qc1 Qc7 19. Qa3 Kb8 20. Rad1 Rh8 21.
Rdg1 g5 22. Qc1 Qd6 23. Rxh8 Rxh8 24. Rh1 Qf8 25. Qe1 exd5 26. cxd5 Nxd5 27. c4
Nb6 28. Rxh8 Qxh8 29. Kg1 exf3 30. Bxf3 Nxc4 31. Bc3 Qe8 32. Qg3+ Kc8 33. e4 g4
34. Be2 Qxe4 35. Bxc4 Qxc4 36. Qe5 b6 37. Qh8+ Kb7 38. Be5 Qa4 39. Qg7 Ka6 40.
Bb8 Qd4+ 41. Qxd4 cxd4 42. g3 d3 43. Kf2 Bc6 44. Ke3 Be4 45. Kd2 Kb7 46. Bf4
Kc6 47. Kc3 Kd5 48. Be3 Kc6 49. Kb4 a5+ 50. Kc3 Kb5 51. a3 Kc6 52. Bf4 b5 53.
Bg5 Kd5 54. Be3 f4 55. Bxf4 Bg6 56. Bc7 Ke4 57. Bxa5 Ke3 58. Bc7 Be4 59. Bd6
Ke2 60. Bf4 Bd5 61. Bg5 Be4 62. Bf4 Kf3 63. Kd2 1/2-1/2

[Event "IV Festival Terre degli Elimi A"]
[Site "Erice ITA"]
[Date "2013.07.27"]
[Round "6"]
[White "D'Eredita', Elena"]
[Black "Gueci, Laura"]
[WhiteElo "1673"]
[BlackElo "1913"]
[Result "1/2-1/2"]
[PlyCount "96"]
[EventDate "2013.07.24"]

1. e4 c5 2. Nf3 Nc6 3. Nc3 g6 4. Bc4 Bg7 5. O-O Nf6 6. d3 O-O 7. Re1 a6 8. a3
b5 9. Bd5 Bb7 10. Bf4 d6 11. Bxc6 Bxc6 12. e5 Nh5 13. exd6 exd6 14. Qd2 Bxf3
15. gxf3 Nxf4 16. Qxf4 d5 17. Re2 Ra7 18. Rae1 h5 19. Kh1 Kh7 20. Rg1 Rd7 21.
Rge1 Bh6 22. Qe5 Qh4 23. Qg3 Qf6 24. Qh3 Rfd8 25. Qg2 Bf4 26. Kg1 Kg7 27. Kh1
Qd6 28. Qh3 Rh8 29. Re8 Rxe8 30. Rxe8 Bd2 31. Qg3 Bc1 32. Nd1 Bf4 33. Qh4 f6
34. Re2 Bg5 35. Qg3 Bf4 36. Qh3 Re7 37. Rxe7+ Qxe7 38. Qf1 Qe5 39. Nc3 Bd2 40.
Qh3 f5 41. Qh4 Bxc3 42. bxc3 Qd6 43. Qg5 a5 44. Qe3 Kf6 45. a4 f4 46. Qe8 Kg7
47. Qxb5 Qe7 48. Kg2 Qd6 1/2-1/2

[Event "IV Festival Terre degli Elimi A"]
[Site "Erice ITA"]
[Date "2013.07.27"]
[Round "6"]
[White "Di Marco, Salvatore Marco"]
[Black "Paragliola, Gennaro"]
[WhiteElo "1615"]
[BlackElo "1529"]
[Result "0-1"]
[PlyCount "96"]
[EventDate "2013.07.24"]

1. e4 d6 2. f4 Nf6 3. Nc3 g6 4. d4 Bg7 5. Nf3 O-O 6. f5 gxf5 7. Bg5 Nxe4 8.
Nxe4 fxe4 9. Nh4 d5 10. Qd2 Nc6 11. c3 Qd7 12. Be2 f6 13. Bh6 e6 14. g4 Bxh6
15. Qxh6 Qg7 16. Qh5 Qg5 17. Rg1 Bd7 18. Rg3 Be8 19. Qxg5+ fxg5 20. Ng2 e5 21.
Ne3 Bf7 22. O-O-O exd4 23. cxd4 Be6 24. Nf5 Kh8 25. Rf1 Bxf5 26. gxf5 Nxd4 27.
Bg4 Rf6 28. Kd2 Raf8 29. Ke3 Nxf5+ 30. Bxf5 Rxf5 31. Rxg5 Rxf1 32. Rxd5 Re1+
33. Kd2 Rh1 34. Ke3 Rxh2 35. Kxe4 Rxb2 36. a3 c6 37. Rg5 Ra2 38. Ke5 Rxa3 39.
Ke6 Re3+ 40. Kd7 Ref3 41. Rg4 c5 42. Kc7 R3f7+ 43. Kd6 a6 44. Kxc5 Rc8+ 45. Kd6
b5 46. Ke6 Rg7 47. Rd4 b4 48. Rd1 b3 0-1

[Event "IV Festival Terre degli Elimi A"]
[Site "Erice ITA"]
[Date "2013.07.27"]
[Round "6"]
[White "Di Misa, Salvatore"]
[Black "Knol, Geon"]
[WhiteElo "1962"]
[BlackElo "2146"]
[Result "1/2-1/2"]
[PlyCount "109"]
[EventDate "2013.07.24"]

1. Nf3 Nf6 2. g3 e6 3. Bg2 Be7 4. c4 O-O 5. O-O d5 6. b3 a5 7. Bb2 a4 8. d4 b6
9. Qc2 Nc6 10. Ne5 Bb7 11. Nxc6 Bxc6 12. cxd5 Bxd5 13. e4 axb3 14. axb3 Rxa1
15. Bxa1 Bb7 16. Nd2 c5 17. dxc5 Bxc5 18. Nc4 Qe7 19. Rd1 Rc8 20. Qe2 Rd8 21.
Bxf6 Qxf6 22. Rxd8+ Qxd8 23. Qd2 Qxd2 24. Nxd2 Kf8 25. Kf1 b5 26. Ke1 f5 27.
Bf1 Bc6 28. Bd3 g6 29. Ke2 Ke7 30. exf5 gxf5 31. f4 Bd4 32. Nf3 Bc3 33. h3 h5
34. Ke3 Bb2 35. Be2 Bc1+ 36. Nd2 Be8 37. Kd3 Kd6 38. Nf3 b4 39. Kc4 Bc6 40.
Kxb4 Bxf3 41. Bxf3 h4 42. gxh4 Bxf4 43. Kc4 Be3 44. Kd3 Bb6 45. Bb7 Ke5 46. Bc8
Kf6 47. Ke2 e5 48. h5 e4 49. h6 f4 50. h7 Kg7 51. Bb7 f3+ 52. Kf1 Kxh7 53.
Bxe4+ Kh6 54. Bxf3 Kg5 55. Ke2 1/2-1/2

[Event "IV Festival Terre degli Elimi A"]
[Site "Erice ITA"]
[Date "2013.07.27"]
[Round "6"]
[White "Fontana, Giulio"]
[Black "Milletari', Ruggero"]
[WhiteElo "1774"]
[BlackElo "1824"]
[Result "0-1"]
[PlyCount "66"]
[EventDate "2013.07.24"]

1. d4 d5 2. e4 e6 3. e5 c5 4. c3 Nc6 5. Nf3 Qb6 6. Be2 Bd7 7. O-O Rc8 8. a3
Nge7 9. b4 cxd4 10. cxd4 Nf5 11. Be3 Be7 12. Nc3 Nxe3 13. fxe3 Nxb4 14. Na4
Bxa4 15. Qxa4+ Nc6 16. Rab1 Qc7 17. Qb3 O-O 18. Rfc1 a6 19. Qxb7 Qxb7 20. Rxb7
Nxd4 21. Rxc8 Nxe2+ 22. Kf2 Rxc8 23. Rxe7 Nc3 24. Ra7 Ne4+ 25. Kf1 Nc5 26. Nd4
g6 27. Ke2 Rb8 28. Rc7 Rb2+ 29. Kf3 Nd3 30. Nc2 Nxe5+ 31. Ke2 Nc4 32. Kd3 Ra2
33. Ra7 Nxa3 0-1

[Event "IV Festival Terre degli Elimi A"]
[Site "Erice ITA"]
[Date "2013.07.27"]
[Round "6"]
[White "Galante, Benedetto"]
[Black "Messina, Damiano"]
[WhiteElo "1518"]
[BlackElo "1908"]
[Result "0-1"]
[PlyCount "112"]
[EventDate "2013.07.24"]

1. e4 c6 2. d3 d5 3. Nd2 e5 4. Ngf3 Bd6 5. g3 Ne7 6. Bg2 O-O 7. O-O f5 8. h3
fxe4 9. dxe4 Nd7 10. Qe2 d4 11. Ng5 Qe8 12. Nc4 Bb8 13. Ne6 Rf6 14. Qg4 Rg6 15.
Qh5 Nf6 16. Nxg7 Rxg7 17. Qf3 Qg6 18. Qb3 Qf7 19. Qd3 Be6 20. Nd2 Bd6 21. b3 c5
22. Re1 Rf8 23. Nf3 Nc6 24. Bh6 Nb4 25. Qd2 Nh5 26. Bxg7 Qxg7 27. Qe2 Qf6 28.
a3 Nc6 29. Nh4 Nf4 30. gxf4 Qxh4 31. f5 Bf7 32. Qg4+ Qxg4 33. hxg4 c4 34. b4
Be7 35. Kf1 d3 36. c3 Bg5 37. Bf3 Bd2 38. Red1 Bxc3 39. Rab1 Nd4 40. Bh1 Ne2
41. Bf3 Nf4 42. Bh1 Bd4 43. b5 c3 44. b6 c2 45. bxa7 cxd1=Q+ 46. Rxd1 Bxa7 47.
Rb1 Rc8 48. Ke1 b5 49. Bf3 Bc4 50. Kd2 Bxf2 51. g5 Ra8 52. f6 Rxa3 53. Rh1 Bd4
54. Rh6 Ra2+ 55. Kc1 d2+ 56. Kb1 Rb2+ 0-1

[Event "IV Festival Terre degli Elimi A"]
[Site "Erice ITA"]
[Date "2013.07.27"]
[Round "6"]
[White "Gelardi, Davide"]
[Black "Morello, Guido"]
[WhiteElo "1854"]
[BlackElo "2048"]
[Result "1/2-1/2"]
[PlyCount "40"]
[EventDate "2013.07.24"]

1. d4 e5 2. dxe5 d6 3. Nf3 Nc6 4. Bg5 Qd7 5. exd6 Bxd6 6. e4 f6 7. Be3 Qe7 8.
Nbd2 f5 9. Bb5 fxe4 10. Nd4 Bd7 11. Qh5+ g6 12. Qe2 Nf6 13. h3 Ne5 14. Bxd7+
Nexd7 15. O-O-O O-O-O 16. Nc4 Bc5 17. Nb5 a6 18. Nc3 Rhe8 19. Rhe1 Bxe3+ 20.
Nxe3 Nb6 1/2-1/2

[Event "IV Festival Terre degli Elimi A"]
[Site "Erice ITA"]
[Date "2013.07.27"]
[Round "6"]
[White "Georgiev, Vladimir"]
[Black "Rudolf, Anna"]
[WhiteElo "2544"]
[BlackElo "2301"]
[Result "1/2-1/2"]
[PlyCount "106"]
[EventDate "2013.07.24"]

1. d4 d5 2. Bf4 Nf6 3. e3 c5 4. dxc5 g6 5. c3 Bg7 6. Nf3 a5 7. Nbd2 O-O 8. a4
Bg4 9. Be2 Nbd7 10. Nb3 Rc8 11. O-O Nxc5 12. Nxc5 Rxc5 13. Be5 Ne4 14. Bxg7
Kxg7 15. h3 Bxf3 16. Bxf3 Nf6 17. Qb3 Qc7 18. Rad1 e6 19. Rd4 Nd7 20. Rfd1 Ne5
21. Be2 Rc8 22. e4 dxe4 23. Rxe4 Nc6 24. Bf3 Ne5 25. Re3 b6 26. Be2 Rd8 27.
Rxd8 Qxd8 28. Bf1 Rd5 29. c4 Rc5 30. f4 Nd7 31. Rd3 Qc7 32. Qd1 Nf6 33. Rd6 Rc6
34. Rd4 e5 35. fxe5 Qxe5 36. Qd2 Re6 37. Rh4 Qe3+ 38. Qf2 Qxf2+ 39. Kxf2 Ne4+
40. Ke3 f5 41. Rf4 Nc5+ 42. Kd4 Nxa4 43. Rf2 Re1 44. Kd3 Rd1+ 45. Ke3 f4+ 46.
Rxf4 Nxb2 47. Be2 Rg1 48. Kf2 Rb1 49. Rd4 a4 50. Rd7+ Kf6 51. Rxh7 Rc1 52. Rb7
Nxc4 53. Bxc4 Rxc4 1/2-1/2

[Event "IV Festival Terre degli Elimi A"]
[Site "Erice ITA"]
[Date "2013.07.26"]
[Round "6"]
[White "Gruppuso, Arcangelo"]
[Black "Licata, Silvio"]
[WhiteElo "1586"]
[BlackElo "1545"]
[Result "0-1"]
[PlyCount "64"]
[EventDate "2013.07.24"]

1. e4 e5 2. Nf3 Nc6 3. Bb5 Nf6 4. d3 d6 5. h3 a6 6. Bxc6+ bxc6 7. O-O h6 8. Be3
Be6 9. Nc3 Be7 10. Qd2 Qd7 11. Rfe1 g5 12. Kf1 Nh5 13. Ke2 Nf4+ 14. Bxf4 gxf4
15. d4 f6 16. d5 cxd5 17. Nxd5 Qb5+ 18. Qd3 Qxd3+ 19. Kxd3 Bxd5 20. exd5 f5 21.
Kc3 Kd7 22. b4 Bf6 23. Kb3 e4 24. Nd2 Bxa1 25. Rxa1 Rhg8 26. Rg1 e3 27. fxe3
fxe3 28. Nf3 f4 29. Kc3 Rg3 30. Nh4 Rf8 31. Nf3 Rfg8 32. Nh4 Rxh3 0-1

[Event "IV Festival Terre degli Elimi A"]
[Site "Erice ITA"]
[Date "2013.07.27"]
[Round "6"]
[White "Guccione, Cristoforo"]
[Black "Campo, Renato"]
[WhiteElo "1781"]
[BlackElo "1998"]
[Result "0-1"]
[PlyCount "46"]
[EventDate "2013.07.24"]

1. Nf3 g6 2. g3 Bg7 3. Bg2 c5 4. O-O d5 5. d3 Nf6 6. Nbd2 Nc6 7. e4 O-O 8. c3
Qc7 9. exd5 Nxd5 10. Ne4 b6 11. Nfd2 Rd8 12. Qe2 Ba6 13. Qf3 Ne5 14. Qd1 Nxd3
15. c4 N5b4 16. Ng5 Bb7 17. Nde4 Nxc1 18. Qf3 Bf6 19. Nxf6+ exf6 20. Qxb7 Ne2+
21. Kh1 Qxb7 22. Bxb7 Rab8 23. Rfe1 Rxb7 0-1